000 00675nam a2200277Ia 4500
005 20260324115733.0
008 008 260324s9999 xx 000 0 eng d
020 _a9781315374871
037 _aEBOOK
040 _aCRL
040 _beng
040 _cCRL
041 _2eng
041 _aeng
084 _qCRL
100 _aRobert Elashoff; Gang li; Ning Li
_91155818
245 0 _aJoint Modeling of Longitudinal and Time-to-Event Data
260 _bTaylor and Francis
260 _c2016
365 _a
365 _b195
856 _uhttp://www.taylorfrancis.com/books/9781315374871
942 _cEBOOK
999 _c1746910
_d1746910